| 000 | 02880ngm a2200457 4500 | ||
|---|---|---|---|
| 003 | dpl | ||
| 005 | 20081120112857.0 | ||
| 007 | ta | ||
| 008 | ||||||sp199 xxu|||||c ||| 00| 0 ng d | ||
| 010 | _aDVD-001228-1230 & DVD-005614-5618 | ||
| 024 |
_aDHIF1179S _c45.00 |
||
| 035 | _aDVD-001228-1230 | ||
| 035 | _aDVD-005614-5618 | ||
| 040 |
_aDPL _cDPL |
||
| 082 | _aDVD / DHOO | ||
| 245 |
_aDhool Ka Phool _cB. R. Chopra Presents _h[videorecording] DVD/ |
||
| 260 | _bMoserbaer Entertainment | ||
| 300 |
_a1 videodisc DVD; _bsd., col. ; _c4 3/4 in. _fDVD |
||
| 440 | _aMoserbaer Home Entertainment | ||
| 500 | _aMoserbaer India Ltd. has obtained the necessary licence/conssent from the owner of the copyright in the wroks for making this DVD Film. | ||
| 538 | _aDolby Digital 5.1 - Hindi Subtitles: English | ||
| 538 | _aThis DVD can be played back on DVD Players, multimedia systems & PC with MPEG card interactive with version 2.0 players. | ||
| 650 | _aMotion Picture | ||
| 700 | _aChopra, Yash | ||
| 700 | _aDutta, N. | ||
| 700 | _aAshok Kumar | ||
| 700 | _aRajendra Kumar | ||
| 700 | _aSinha, Mala | ||
| 700 | _aNanda | ||
| 942 |
_cCF _2ddc _hDVD _mDHOO |
||
| 999 |
_c18820 _d18820 |
||